| 000 | 00633nam a22001937a 4500 | ||
|---|---|---|---|
| 003 | OSt | ||
| 005 | 20260305003007.0 | ||
| 008 | 260129b |||||||| |||| 00| 0 eng d | ||
| 020 | _a978-971-27-2303-2 | ||
| 040 |
_aDWCL-Main Lib _cOC |
||
| 082 | _aGR. 499.211 K51 2009 | ||
| 110 |
_aKintanar,Thelma B. ET.AL. _eCorporate Author |
||
| 245 | _aU.P. cultural dictionary for Filipinos | ||
| 260 |
_aQuezon City : _bU.P. Press Kalayaan College and Anvil, _cInc., c2009 |
||
| 300 |
_axxi, 1064 p. : _c 26 cm |
||
| 504 | _aIncludes appendices, index and bibliography. | ||
| 650 | _aEnglish - Filipino - language | ||
| 942 |
_2ddc _cGR _mGR. _n0 |
||
| 999 |
_c7992 _d7992 |
||